Podaj przykład sklepu specjalizującego się w jednym typie produktów. - Statystyki

Ogólne statystyki
  • Ten quiz został rozwiązany 14 razy
  • Średni wynik to 4 z 7
Statystyki odpowiedzi
Hint Odpowiedź % Poprawnych
6. Obuwniczy
80%
1. Spożywczy
80%
4. Apteka
60%
3. Odzieżowy
50%
7. Drogeria
40%
2. Komputerowy
30%
5. Papierniczy
30%
Nie znaleziono quizów pasujących do podanych kryteriów
Rozkład punktacji
Procent ludzi z każdym wynikiem
Percentyl według liczby udzielonych odpowiedzi
Twoja historia wyników
Nie rozwiązałeś tego quizu